Goodnight Moon and Other Things Quiz Stats

 Plays Quiz Updated Mar 25, 2020

Support Sporcle.
Go Orange.
Score 0/21 Timer 05:00
0 Plays Today
% Correct
Moon
92.9%
Stars
65.7%
Chairs
58.4%
Mouse
53.6%
Little house
53.4%
Bears
50.2%
Cow jumping over the moon
49.1%
Room
45.8%
Kittens
45.5%
Mittens
45.1%
Mush
45%
% Correct
Old lady whispering 'hush'
41.8%
Brush
40.7%
Light
38.4%
Socks
37.3%
Red balloon
36.4%
Comb
35.5%
Clocks
34%
Air
31.9%
Noises everywhere
31.9%
Nobody
27.6%

You're not logged in!

Compare scores with friends on all Sporcle quizzes.
OR
Log In

From the Vault

NBA and NCAA, Same Team Names

by ReticentRabbit

Imitation is the sincerest form of flattery.
Remove Ads.
Support Sporcle.
Get the best of Sporcle when you Go Orange. This ad-free experience offers more features, more stats, and more fun while also helping to support Sporcle. Thank you for becoming a member.

Show Comments

Extras

Top Quizzes Today


Score Distribution

Your Account Isn't Verified!

In order to create a playlist on Sporcle, you need to verify the email address you used during registration. Go to your Sporcle Settings to finish the process.

Report this User

Report this user for behavior that violates our Community Guidelines.

Details: